| 000 | 00755nam a22001815i 4500 | ||
|---|---|---|---|
| 001 | 164028 | ||
| 003 | ES-MaACL | ||
| 005 | 20230906212846.0 | ||
| 008 | 990315s1867 fr |||| | fre d | ||
| 100 | 1 |
_aRousselot, Paul. _9132112 |
|
| 245 | 1 | 4 |
_aLes mystiques espagnols _b: Malon de Chaide, Jean d'Avila, Louis de Grenade, Louis de Léon, Ste. Thérèse, S. Jean de la Croix et leur groupe / _cpar Paul Rousselot. |
| 260 |
_aParis : _bLibrairie Académique Didier et Cie., _c1867 ( _eDijon : _fImp. J.-E. Rabutôt) |
||
| 300 |
_aVIII, 500 p. ; _c23 cm. |
||
| 650 | 4 |
_aMisticismo- _zEspaña. _9138735 |
|
| 650 |
_aLiteratura mística española- _xHistoria y crítica. _9149216 |
||
| 752 |
_aFrancia - _dParís |
||
| 852 |
_aES-MaACL _jG-11931 _z- Enc. hol. |
||
| 999 |
_c164028 _d164028 |
||